[Event "17. Obert Int. Sant Marti 2015"]
[Site "Barcelona ESP"]
[Date "2015.07.19"]
[Round "7.26"]
[White "Mosquera, Miguel"]
[Black "Larsson, Anders"]
[Result "1/2-1/2"]
[WhiteElo "2375"]
[BlackElo "2242"]
[PlyCount "120"]
[EventDate "2015.07.13"]
[EventType "swiss"]
[EventRounds "9"]
[EventCountry "ESP"]
[SourceTitle "Ajedrez en Madrid"]
[Source "lmi"]
[SourceDate "2013.07.13"]
[SourceVersion "1"]
[SourceVersionDate "2019.06.24"]
[SourceQuality "1"]

1. d4 e6 2. Nf3 Nf6 3. g3 c5 4. Bg2 Be7 5. O-O O-O 6. c4 cxd4 7. Nxd4 a6 8. Nc3
Qc7 9. Qd3 Nc6 10. b3 Rb8 11. Rd1 Nxd4 12. Qxd4 d6 13. c5 Qxc5 14. Qxc5 dxc5
15. Bf4 Ra8 16. Na4 Nd5 17. Rac1 Nxf4 18. gxf4 Rb8 19. Nxc5 Rd8 20. Rxd8+ Bxd8
21. Rd1 Bc7 22. e3 b6 23. Nd7 Bxd7 24. Rxd7 Bd8 25. f5 Kf8 26. fxe6 fxe6 27.
Bh3 e5 28. Bf5 h6 29. Kg2 Be7 30. Rd5 Bf6 31. Rd6 a5 32. Kf3 Rd8 33. Rxb6 Rd2
34. Rb8+ Kf7 35. Rb7+ Be7 36. a4 Kf6 37. Be4 Bb4 38. Rb6+ Rd6 39. Rb5 Bc3 40.
h4 h5 41. Rc5 Bb4 42. Rc8 g6 43. Rf8+ Ke7 44. Rb8 Kf7 45. Rb5 Kf6 46. Bd5 g5
47. hxg5+ Kxg5 48. Ke4 Rf6 49. f3 h4 50. Bb7 h3 51. f4+ Kg4 52. Rxe5 h2 53.
Rg5+ Kh4 54. Kd3 Rd6+ 55. Kc4 Re6 56. Re5 Rxe5 57. fxe5 Kg5 58. Be4 h1=Q 59.
Bxh1 Kg6 60. Bd5 Kg7 1/2-1/2

[Event "17. Obert Int. Sant Marti 2015"]
[Site "Barcelona ESP"]
[Date "2015.07.19"]
[Round "7.27"]
[White "Ramirez Garcia, Jorge Alberto"]
[Black "Aguilar, Andres"]
[Result "0-1"]
[WhiteElo "2312"]
[BlackElo "2224"]
[PlyCount "64"]
[EventDate "2015.07.13"]
[EventType "swiss"]
[EventRounds "9"]
[EventCountry "ESP"]
[SourceTitle "Ajedrez en Madrid"]
[Source "lmi"]
[SourceDate "2013.07.13"]
[SourceVersion "1"]
[SourceVersionDate "2019.06.24"]
[SourceQuality "1"]

1. e4 g6 2. d4 Bg7 3. Nc3 d6 4. Be3 Nf6 5. Qd2 c6 6. Bh6 Bxh6 7. Qxh6 e5 8. Nf3
Qe7 9. dxe5 dxe5 10. Bc4 b5 11. Bb3 Be6 12. Qg7 Rg8 13. Qh6 Nbd7 14. O-O g5 15.
Bxe6 Qxe6 16. Nd2 Nf8 17. a4 Ng6 18. g3 Nh4 19. f4 Qh3 20. gxh4 gxf4+ 21. Qg5
Rxg5+ 22. hxg5 Qe3+ 23. Kh1 Qxd2 24. gxf6 O-O-O 25. axb5 Rg8 26. Rg1 Rxg1+ 27.
Rxg1 cxb5 28. Nxb5 Qxc2 29. Nd6+ Kd7 30. Nxf7 Qxe4+ 31. Rg2 f3 32. Rd2+ Kc7 0-1

[Event "17. Obert Int. Sant Marti 2015"]
[Site "Barcelona ESP"]
[Date "2015.07.19"]
[Round "7.28"]
[White "Capellades Subirana, Marc"]
[Black "Morales, Jhon Alexander"]
[Result "0-1"]
[WhiteElo "2213"]
[BlackElo "2308"]
[PlyCount "110"]
[EventDate "2015.07.13"]
[EventType "swiss"]
[EventRounds "9"]
[EventCountry "ESP"]
[SourceTitle "Ajedrez en Madrid"]
[Source "lmi"]
[SourceDate "2013.07.13"]
[SourceVersion "1"]
[SourceVersionDate "2019.06.24"]
[SourceQuality "1"]

1. e4 c5 2. Nf3 e6 3. d4 cxd4 4. Nxd4 a6 5. Nc3 Qc7 6. Bd3 Nc6 7. Nxc6 dxc6 8.
O-O e5 9. Bc4 b5 10. Bb3 Nf6 11. Bg5 Be7 12. Qd3 h6 13. Bh4 O-O 14. Kh1 Bb7 15.
f4 exf4 16. e5 Qxe5 17. Rae1 Qc7 18. Qf5 Bc8 19. Qxf4 Qxf4 20. Rxf4 Ra7 21. Ne4
Nxe4 22. Bxe7 Rxe7 23. Rfxe4 Rxe4 24. Rxe4 Rd8 25. Kg1 c5 26. c4 Be6 27. cxb5
Bxb3 28. axb3 axb5 29. b4 c4 30. Re5 Rd2 31. Rxb5 Rxb2 32. h3 f5 33. Rxf5 Rxb4
34. Rc5 Kf7 35. Kh2 Ke6 36. Kg3 Kd6 37. Rc8 Kd5 38. Rd8+ Ke4 39. Kf2 Rb2+ 40.
Ke1 Rxg2 41. Rc8 Kd3 42. h4 Re2+ 43. Kd1 Re4 44. h5 Rg4 45. Rd8+ Kc3 46. Rc8
Rd4+ 47. Ke2 Rd7 48. Rc5 Kb3 49. Rb5+ Kc2 50. Rc5 Re7+ 51. Kf3 c3 52. Kf4 Kd2
53. Kf5 c2 54. Rd5+ Kc1 55. Rc5 Rb7 0-1

[Event "17. Obert Int. Sant Marti 2015"]
[Site "Barcelona ESP"]
[Date "2015.07.19"]
[Round "7.29"]
[White "Forsa, Espen"]
[Black "Castrillon Gomez, Melissa"]
[Result "0-1"]
[WhiteElo "2304"]
[BlackElo "2199"]
[PlyCount "68"]
[EventDate "2015.07.13"]
[EventType "swiss"]
[EventRounds "9"]
[EventCountry "ESP"]
[SourceTitle "Ajedrez en Madrid"]
[Source "lmi"]
[SourceDate "2013.07.13"]
[SourceVersion "1"]
[SourceVersionDate "2019.06.24"]
[SourceQuality "1"]

1. e4 c5 2. Nf3 d6 3. Bb5+ Nc6 4. O-O Bd7 5. Re1 a6 6. Bf1 Bg4 7. h3 Bxf3 8.
Qxf3 e6 9. g3 Be7 10. Bg2 Bf6 11. d3 Nge7 12. Nd2 O-O 13. Nc4 b5 14. Ne3 Qa5
15. c3 Bxc3 16. Rd1 Bd4 17. h4 Rac8 18. h5 f5 19. Bh3 Be5 20. Bd2 Qb6 21. Bc3
Nd4 22. Bxd4 cxd4 23. Nf1 d5 24. exf5 Nxf5 25. Qe2 Bb8 26. Rac1 Rce8 27. Nh2 e5
28. Bg2 e4 29. dxe4 Nxg3 30. Qd3 dxe4 31. Qb3+ Kh8 32. fxg3 d3+ 33. Kh1 Qf2 34.
Nf1 Re5 0-1

[Event "17. Obert Int. Sant Marti 2015"]
[Site "Barcelona ESP"]
[Date "2015.07.19"]
[Round "7.30"]
[White "Becerra, Juan David"]
[Black "Pomini, Aurelien"]
[Result "0-1"]
[WhiteElo "2178"]
[BlackElo "2298"]
[PlyCount "90"]
[EventDate "2015.07.13"]
[EventType "swiss"]
[EventRounds "9"]
[EventCountry "ESP"]
[SourceTitle "Ajedrez en Madrid"]
[Source "lmi"]
[SourceDate "2013.07.13"]
[SourceVersion "1"]
[SourceVersionDate "2019.06.24"]
[SourceQuality "1"]

1. d4 Nf6 2. Nc3 d5 3. Bg5 Bf5 4. f3 c6 5. Qd2 Nbd7 6. g4 Bg6 7. h4 h5 8. Bxf6
gxf6 9. e3 e5 10. Bd3 Qe7 11. gxh5 Bxh5 12. Bf5 O-O-O 13. O-O-O Kb8 14. Bxd7
Qxd7 15. Kb1 Bh6 16. Rf1 c5 17. dxe5 fxe5 18. Qh2 Qe6 19. e4 d4 20. Nd5 f6 21.
Ne2 Bf7 22. c4 Rh7 23. f4 exf4 24. Nexf4 Qe5 25. Nd3 Qxh2 26. Rxh2 Bg6 27. Nxc5
Bg5 28. Nxf6 Rxh4 29. Rg2 Bxf6 30. Rxg6 Bh8 31. Rg3 Rc8 32. b4 b6 33. Na6+ Ka8
34. c5 Kb7 35. Ra3 Rxe4 36. Rf7+ Kc6 37. Rxa7 Rg8 38. Rc7+ Kb5 39. cxb6 Kxb6
40. Rc1 d3 41. b5 Rg2 42. Rb3 Ree2 43. Rh1 Rb2+ 44. Rxb2 Rxb2+ 45. Kc1 d2+ 0-1

[Event "17. Obert Int. Sant Marti 2015"]
[Site "Barcelona ESP"]
[Date "2015.07.19"]
[Round "7.31"]
[White "Nabuurs, Joep"]
[Black "Juan Bartroli, Pau"]
[Result "1/2-1/2"]
[WhiteElo "2293"]
[BlackElo "2195"]
[PlyCount "112"]
[EventDate "2015.07.13"]
[EventType "swiss"]
[EventRounds "9"]
[EventCountry "ESP"]
[SourceTitle "Ajedrez en Madrid"]
[Source "lmi"]
[SourceDate "2013.07.13"]
[SourceVersion "1"]
[SourceVersionDate "2019.06.24"]
[SourceQuality "1"]

1. e4 c6 2. d4 d5 3. exd5 cxd5 4. c4 Nf6 5. Nc3 Nc6 6. Bg5 dxc4 7. d5 Ne5 8.
Qd4 h6 9. Bh4 Nd3+ 10. Bxd3 cxd3 11. Nf3 g5 12. Bg3 Bg7 13. Qxd3 O-O 14. O-O a6
15. Rad1 Bg4 16. Rd2 Bxf3 17. Qxf3 Qd7 18. Be5 Ne8 19. Bxg7 Kxg7 20. d6 Nxd6
21. Ne4 Qc6 22. Nxd6 Qxf3 23. gxf3 exd6 24. Rxd6 Rfd8 25. Rfd1 Rxd6 26. Rxd6
Rc8 27. Kg2 Rc7 28. Rb6 f6 29. f4 Kg6 30. Kg3 Kf5 31. fxg5 hxg5 32. h4 gxh4+
33. Kxh4 Rg7 34. Kh3 Ke5 35. b4 f5 36. b5 a5 37. a4 Ke4 38. Rf6 f4 39. Kh4 Kf3
40. b6 Rg4+ 41. Kh5 Rg1 42. Rf7 Ra1 43. Rxb7 Rxa4 44. Ra7 Kxf2 45. b7 Rb4 46.
Kg4 f3+ 47. Kh3 Kg1 48. Rxa5 f2 49. Rg5+ Kh1 50. Rf5 Rb3+ 51. Kh4 Kg2 52. Rg5+
Kf1 53. Rg7 Rb4+ 54. Kh3 Rb6 55. Kg3 Rb3+ 56. Kh2 Rb6 1/2-1/2

[Event "17. Obert Int. Sant Marti 2015"]
[Site "Barcelona ESP"]
[Date "2015.07.19"]
[Round "7.32"]
[White "Mateus, Alejandro"]
[Black "Garnier, Teddy"]
[Result "1-0"]
[WhiteElo "2283"]
[BlackElo "2055"]
[PlyCount "71"]
[EventDate "2015.07.13"]
[EventType "swiss"]
[EventRounds "9"]
[EventCountry "ESP"]
[SourceTitle "Ajedrez en Madrid"]
[Source "lmi"]
[SourceDate "2013.07.13"]
[SourceVersion "1"]
[SourceVersionDate "2019.06.24"]
[SourceQuality "1"]

1. e4 c6 2. c4 d5 3. exd5 cxd5 4. cxd5 Nf6 5. Bb5+ Nbd7 6. Nc3 a6 7. Be2 g6 8.
d4 b5 9. Bf3 Ra7 10. Bf4 Nb6 11. Be5 Bg7 12. a4 bxa4 13. Nxa4 O-O 14. Nc5 Nfxd5
15. Bxg7 Kxg7 16. Ne2 Qd6 17. O-O Rd8 18. Qb3 Bd7 19. Nc3 Nxc3 20. bxc3 Bb5 21.
Rfb1 Nc4 22. Qc2 Rb8 23. Be2 Rb6 24. Rxb5 Rxb5 25. Bxc4 Rb6 26. Bd3 a5 27. g3
e5 28. Ne4 Qb8 29. dxe5 a4 30. Rxa4 Rb2 31. Rb4 Rxb4 32. cxb4 Qxe5 33. Qc5 Qa1+
34. Bf1 Ra3 35. b5 Rb3 36. Nd2 1-0

[Event "17. Obert Int. Sant Marti 2015"]
[Site "Barcelona ESP"]
[Date "2015.07.19"]
[Round "7.33"]
[White "Thejkumar, M. S.."]
[Black "Mateus, Martha"]
[Result "1-0"]
[WhiteElo "2467"]
[BlackElo "2172"]
[PlyCount "81"]
[EventDate "2015.07.13"]
[EventType "swiss"]
[EventRounds "9"]
[EventCountry "ESP"]
[SourceTitle "Ajedrez en Madrid"]
[Source "lmi"]
[SourceDate "2013.07.13"]
[SourceVersion "1"]
[SourceVersionDate "2019.06.24"]
[SourceQuality "1"]

1. d4 d5 2. c4 e6 3. Nf3 Nf6 4. Bg5 Be7 5. Nc3 Nbd7 6. e3 c6 7. Qc2 O-O 8. Rd1
h6 9. Bh4 a6 10. a3 b5 11. c5 e5 12. dxe5 Ne8 13. Bg3 Nxc5 14. Be2 Qb6 15. Nd4
a5 16. Bxb5 cxb5 17. Nxd5 Qb7 18. Nxe7+ Qxe7 19. Nc6 Qb7 20. Qxc5 Be6 21. O-O
Nc7 22. Rd6 Rfe8 23. Rfd1 Bb3 24. R1d2 Ne6 25. Qc3 a4 26. Na5 Rxa5 27. Qxa5 Rc8
28. h4 Rc1+ 29. Kh2 Bc4 30. Rd1 Rxd1 31. Rxd1 Qe4 32. Qd2 g5 33. f3 Qg6 34. Qd7
Qh5 35. Qe8+ Kg7 36. Qe7 Be2 37. Qf6+ Kg8 38. Rd7 Bc4 39. Rb7 Qg6 40. Rb8+ Nf8
41. Qxg6+ 1-0

[Event "17. Obert Int. Sant Marti 2015"]
[Site "Barcelona ESP"]
[Date "2015.07.19"]
[Round "7.34"]
[White "Glimbrant, Torbjorn"]
[Black "Kantsler, Boris"]
[Result "1-0"]
[WhiteElo "2197"]
[BlackElo "2415"]
[PlyCount "115"]
[EventDate "2015.07.13"]
[EventType "swiss"]
[EventRounds "9"]
[EventCountry "ESP"]
[SourceTitle "Ajedrez en Madrid"]
[Source "lmi"]
[SourceDate "2013.07.13"]
[SourceVersion "1"]
[SourceVersionDate "2019.06.24"]
[SourceQuality "1"]

1. d4 Nf6 2. c4 a6 3. Nf3 b5 4. e3 bxc4 5. Bxc4 e6 6. O-O d5 7. Bd3 Be7 8. Qc2
Nbd7 9. b3 c5 10. Ba3 cxd4 11. Bxe7 Qxe7 12. exd4 O-O 13. Qe2 Bb7 14. Rc1 Rfc8
15. Qb2 Rxc1+ 16. Qxc1 Rc8 17. Qa3 Qxa3 18. Nxa3 Kf8 19. Rd1 Ke7 20. Nb1 Ne4
21. Nfd2 Nb6 22. Kf1 f6 23. f3 Nd6 24. f4 h6 25. h4 Nf5 26. Bxf5 exf5 27. Na3
a5 28. Kf2 Ba6 29. Ndb1 Kd6 30. g3 Nd7 31. Rd2 Nb8 32. Rc2 Rxc2+ 33. Nxc2 Bd3
34. Nba3 Na6 35. Ke3 Bxc2 36. Nxc2 Nb4 37. Nxb4 axb4 38. h5 Kc6 39. Kd3 Kb6 40.
Kc2 Ka6 41. Kd2 Kb6 42. Kc1 Ka6 43. Kb2 Ka5 44. a3 bxa3+ 45. Kxa3 Kb5 46. Ka2
Kb4 47. Kb2 Ka5 48. Ka3 Kb5 49. b4 Kc4 50. Ka4 Kxd4 51. b5 Kc5 52. Ka5 d4 53.
b6 d3 54. b7 d2 55. b8=Q d1=Q 56. Qc7+ Kd4 57. Qd8+ Ke3 58. Qxd1 1-0

[Event "17. Obert Int. Sant Marti 2015"]
[Site "Barcelona ESP"]
[Date "2015.07.19"]
[Round "7.35"]
[White "Valdes Romero, Leonardo"]
[Black "Petrone, Gianmario"]
[Result "1-0"]
[WhiteElo "2396"]
[BlackElo "2102"]
[PlyCount "105"]
[EventDate "2015.07.13"]
[EventType "swiss"]
[EventRounds "9"]
[EventCountry "ESP"]
[SourceTitle "Ajedrez en Madrid"]
[Source "lmi"]
[SourceDate "2013.07.13"]
[SourceVersion "1"]
[SourceVersionDate "2019.06.24"]
[SourceQuality "1"]

1. Nf3 c5 2. c4 Nc6 3. Nc3 g6 4. e3 Bg7 5. d4 b6 6. Be2 d6 7. O-O e6 8. d5 Ne5
9. dxe6 fxe6 10. Nb5 Nf7 11. Nd2 a6 12. Bf3 Rb8 13. Na7 Bd7 14. Nc6 Bxc6 15.
Bxc6+ Kf8 16. Bf3 Ne7 17. Qc2 Be5 18. Rd1 Nf5 19. Rb1 Kg7 20. Ne4 Rf8 21. Be2
Kg8 22. a3 Qc7 23. g3 Rfd8 24. Bf3 d5 25. cxd5 exd5 26. Nc3 d4 27. Nd5 Qd6 28.
b4 a5 29. e4 Ne7 30. bxc5 bxc5 31. Bd2 Nxd5 32. exd5 a4 33. Qxa4 Ra8 34. Qb3
Qa6 35. Rdc1 Qxa3 36. Qxa3 Rxa3 37. Bg4 Ra2 38. Be1 d3 39. Rd1 c4 40. Be6 Rb2
41. Rbc1 Kg7 42. Rxc4 Ng5 43. Ba5 Rf8 44. Rf1 d2 45. Bg4 h5 46. Bd1 Nf3+ 47.
Kg2 Ne1+ 48. Kh1 Ra2 49. Bb4 Rd8 50. Re4 Bd6 51. Bc3+ Kh6 52. Rd4 Nf3 53. Bxf3
1-0

[Event "17. Obert Int. Sant Marti 2015"]
[Site "Barcelona ESP"]
[Date "2015.07.19"]
[Round "7.36"]
[White "Pogorelov, Ruslan"]
[Black "Fernandez Madrid, Carlos"]
[Result "1/2-1/2"]
[WhiteElo "2301"]
[BlackElo "2168"]
[PlyCount "96"]
[EventDate "2015.07.13"]
[EventType "swiss"]
[EventRounds "9"]
[EventCountry "ESP"]
[SourceTitle "Ajedrez en Madrid"]
[Source "lmi"]
[SourceDate "2013.07.13"]
[SourceVersion "1"]
[SourceVersionDate "2019.06.24"]
[SourceQuality "1"]

1. Nf3 g6 2. c4 Nf6 3. Nc3 d5 4. cxd5 Nxd5 5. Qa4+ Bd7 6. Qb3 Nxc3 7. bxc3 Bg7
8. Qxb7 Nc6 9. Ba3 Rb8 10. Qa6 O-O 11. e4 Rb6 12. Qc4 Qb8 13. Bd3 Bg4 14. Bc2
Bxf3 15. gxf3 Ne5 16. Qe2 Rf6 17. O-O-O Rxf3 18. Bxe7 Qb6 19. Bxf8 Bxf8 20. Bb3
Rxf2 21. Qe3 Bc5 22. Qg3 Qf6 23. h4 Ba3+ 24. Kc2 Rf3 25. Qg5 Qa6 26. Qd8+ Kg7
27. Qd4 Bd6 28. d3 c5 29. Qd5 Ng4 30. Rhe1 Bg3 31. Re2 Bxh4 32. e5 Rf2 33. Qe4
h5 34. Rxf2 Bxf2 35. Kb2 Bg3 36. Rg1 Nf2 37. Qf3 Nxd3+ 38. Kc2 Ne1+ 39. Rxe1
Bxe1 40. Qxf7+ Kh6 41. Qf4+ Kg7 42. Kd1 Bxc3 43. Qf7+ Kh6 44. Qf4+ Kg7 45. Qf7+
Kh6 46. Qf4+ Kg7 47. Qf7+ Kh6 48. Qf4+ Kg7 1/2-1/2

[Event "17. Obert Int. Sant Marti 2015"]
[Site "Barcelona ESP"]
[Date "2015.07.19"]
[Round "7.37"]
[White "Perez Pastora, Evarist"]
[Black "Fernandez Diaz, Cristian"]
[Result "0-1"]
[WhiteElo "2158"]
[BlackElo "2272"]
[PlyCount "46"]
[EventDate "2015.07.13"]
[EventType "swiss"]
[EventRounds "9"]
[EventCountry "ESP"]
[SourceTitle "Ajedrez en Madrid"]
[Source "lmi"]
[SourceDate "2013.07.13"]
[SourceVersion "1"]
[SourceVersionDate "2019.06.24"]
[SourceQuality "1"]

1. e4 d6 2. d4 Nf6 3. Nc3 e5 4. dxe5 dxe5 5. Qxd8+ Kxd8 6. Bg5 Be6 7. O-O-O+
Nbd7 8. f3 c6 9. g3 Bb4 10. Nge2 h6 11. Be3 Kc7 12. Bg2 b5 13. h3 Bc5 14. Bd2
Nb6 15. a3 a5 16. f4 b4 17. Nb1 Nc4 18. a4 Ne3 19. Bxe3 Bxe3+ 20. Nd2 Bc4 21.
fxe5 Nh5 22. g4 Bxe2 23. Rde1 Ng3 0-1

[Event "17. Obert Int. Sant Marti 2015"]
[Site "Barcelona ESP"]
[Date "2015.07.19"]
[Round "7.38"]
[White "Matt, Fabian"]
[Black "Coppola, Federico"]
[Result "1/2-1/2"]
[WhiteElo "2258"]
[BlackElo "2136"]
[PlyCount "53"]
[EventDate "2015.07.13"]
[EventType "swiss"]
[EventRounds "9"]
[EventCountry "ESP"]
[SourceTitle "Ajedrez en Madrid"]
[Source "lmi"]
[SourceDate "2013.07.13"]
[SourceVersion "1"]
[SourceVersionDate "2019.06.24"]
[SourceQuality "1"]

1. d4 Nf6 2. c4 g6 3. Nc3 d5 4. Nf3 Bg7 5. Bf4 O-O 6. e3 c5 7. dxc5 Qa5 8. cxd5
Nxd5 9. Be5 Bxe5 10. Nxe5 Nxc3 11. Qd2 Qxc5 12. Qxc3 Qxc3+ 13. bxc3 Nd7 14. Nf3
b6 15. Bb5 Nc5 16. Nd4 Bb7 17. O-O Rac8 18. Be2 Ne4 19. Bf3 Rxc3 20. Rfc1 Rfc8
21. Rxc3 Rxc3 22. Nb5 Rc5 23. Nxa7 Ra5 24. Bxe4 Rxa7 25. Bxb7 Rxb7 26. Rb1 Ra7
27. Rxb6 1/2-1/2

[Event "17. Obert Int. Sant Marti 2015"]
[Site "Barcelona ESP"]
[Date "2015.07.19"]
[Round "7.39"]
[White "Font Purroy, Vicenc"]
[Black "Stoeri, Simon"]
[Result "0-1"]
[WhiteElo "2092"]
[BlackElo "2229"]
[PlyCount "66"]
[EventDate "2015.07.13"]
[EventType "swiss"]
[EventRounds "9"]
[EventCountry "ESP"]
[SourceTitle "Ajedrez en Madrid"]
[Source "lmi"]
[SourceDate "2013.07.13"]
[SourceVersion "1"]
[SourceVersionDate "2019.06.24"]
[SourceQuality "1"]

1. c4 Nf6 2. g3 g6 3. Bg2 Bg7 4. Nc3 O-O 5. Rb1 d6 6. b4 e5 7. e4 Nc6 8. Nge2
Nh5 9. d3 f5 10. b5 Nb8 11. f3 f4 12. g4 Qh4+ 13. Kd2 Nf6 14. h3 h5 15. Kc2 a6
16. Bd2 Qf2 17. Qg1 Qxg1 18. Nxg1 axb5 19. Rxb5 Nc6 20. Rb2 Nd4+ 21. Kb1 hxg4
22. hxg4 c6 23. Be1 Nd7 24. Nce2 Nc5 25. Nxd4 exd4 26. Bf1 Be5 27. Bb4 Na4 28.
Rc2 Be6 29. Ne2 Rfb8 30. Nc1 b5 31. c5 dxc5 32. Bxc5 Nc3+ 33. Ka1 b4 0-1

[Event "17. Obert Int. Sant Marti 2015"]
[Site "Barcelona ESP"]
[Date "2015.07.19"]
[Round "7.41"]
[White "Dadello, Aleksandra"]
[Black "Chirivi C, Jenny Astrid"]
[Result "0-1"]
[WhiteElo "2068"]
[BlackElo "2218"]
[PlyCount "62"]
[EventDate "2015.07.13"]
[EventType "swiss"]
[EventRounds "9"]
[EventCountry "ESP"]
[SourceTitle "Ajedrez en Madrid"]
[Source "lmi"]
[SourceDate "2013.07.13"]
[SourceVersion "1"]
[SourceVersionDate "2019.06.24"]
[SourceQuality "1"]

1. e4 c5 2. Nf3 e6 3. d4 cxd4 4. Nxd4 a6 5. Bd3 Qc7 6. O-O Nf6 7. Qe2 d6 8. c4
b6 9. Nc3 Bb7 10. Kh1 Nbd7 11. f4 g6 12. Be3 Bg7 13. Rae1 O-O 14. Bg1 e5 15.
Nc2 exf4 16. Rxf4 d5 17. Rff1 dxe4 18. Nxe4 Nxe4 19. Bxe4 Rae8 20. Qf3 Rxe4 21.
Rxe4 Ne5 22. Qf4 Bxe4 23. Qxe4 Nxc4 24. Qe2 Rd8 25. b3 Nd2 26. Rd1 Qxc2 27.
Bxb6 Rd5 28. Be3 Bc3 29. Bh6 Re5 30. Qg4 f5 31. Rf1 Qd3 0-1

[Event "17. Obert Int. Sant Marti 2015"]
[Site "Barcelona ESP"]
[Date "2015.07.19"]
[Round "7.42"]
[White "Raja, Harshit"]
[Black "Pettersen, Joar Gullestad"]
[Result "1-0"]
[WhiteElo "2205"]
[BlackElo "1968"]
[PlyCount "83"]
[EventDate "2015.07.13"]
[EventType "swiss"]
[EventRounds "9"]
[EventCountry "ESP"]
[SourceTitle "Ajedrez en Madrid"]
[Source "lmi"]
[SourceDate "2013.07.13"]
[SourceVersion "1"]
[SourceVersionDate "2019.06.24"]
[SourceQuality "1"]

1. d4 e6 2. g3 f5 3. Bg2 Nf6 4. Nf3 d5 5. O-O Bd6 6. c4 c6 7. Qc2 Ne4 8. Nc3
O-O 9. Nxe4 fxe4 10. Ne1 Nd7 11. f3 exf3 12. Nxf3 Nf6 13. Bg5 Bd7 14. c5 Bc7
15. Ne5 Be8 16. Bh3 Qc8 17. Bxf6 gxf6 18. Rf4 Bxe5 19. dxe5 Bg6 20. Qc3 f5 21.
Raf1 Qd7 22. e3 Rf7 23. Bg2 Raf8 24. Bf3 Qc7 25. h4 Rg7 26. Kh2 Qe7 27. Ra4 Kh8
28. Rxa7 f4 29. exf4 Rxf4 30. Ra8+ Rf8 31. Rxf8+ Qxf8 32. Bg2 Qe7 33. Bh3 Kg8
34. Rf6 Bf7 35. Qd4 Rg6 36. Qf4 Rxf6 37. exf6 Qxc5 38. Qb8+ Qf8 39. Qxb7 Qe8
40. Qe7 Qc8 41. b4 d4 42. Qd6 1-0

[Event "17. Obert Int. Sant Marti 2015"]
[Site "Barcelona ESP"]
[Date "2015.07.19"]
[Round "7.43"]
[White "Sanchez Sandoval, Gonzalo"]
[Black "Aprea, Daniele"]
[Result "0-1"]
[WhiteElo "2205"]
[BlackElo "1923"]
[PlyCount "64"]
[EventDate "2015.07.13"]
[EventType "swiss"]
[EventRounds "9"]
[EventCountry "ESP"]
[SourceTitle "Ajedrez en Madrid"]
[Source "lmi"]
[SourceDate "2013.07.13"]
[SourceVersion "1"]
[SourceVersionDate "2019.06.24"]
[SourceQuality "1"]

1. Nf3 e6 2. g3 f5 3. Bg2 Nf6 4. O-O Be7 5. d3 d6 6. b4 O-O 7. c4 Qe8 8. Nc3 e5
9. c5 Qh5 10. cxd6 Bxd6 11. Ng5 Nc6 12. Nd5 f4 13. Ne4 Nxd5 14. Nxd6 f3 15.
Bxf3 Rxf3 16. Nxc8 Rf7 17. Qb3 Nf6 18. b5 Nd4 19. Ne7+ Kf8 20. Qb4 Ke8 21. Ba3
Nc2 22. Qa4 Nxa3 23. b6+ Kxe7 24. Qxa3+ Kd7 25. Qa4+ c6 26. bxa7 Qg4 27. d4 Nd5
28. Rfb1 Ke8 29. e3 Nc3 30. Qa5 Ne2+ 31. Kg2 Qf3+ 32. Kh3 Rf5 0-1

[Event "17. Obert Int. Sant Marti 2015"]
[Site "Barcelona ESP"]
[Date "2015.07.19"]
[Round "7.44"]
[White "Supriya, Joshi"]
[Black "Shashikant, Kutwal"]
[Result "0-1"]
[WhiteElo "1953"]
[BlackElo "2202"]
[PlyCount "96"]
[EventDate "2015.07.13"]
[EventType "swiss"]
[EventRounds "9"]
[EventCountry "ESP"]
[SourceTitle "Ajedrez en Madrid"]
[Source "lmi"]
[SourceDate "2013.07.13"]
[SourceVersion "1"]
[SourceVersionDate "2019.06.24"]
[SourceQuality "1"]

1. e4 c5 2. Nf3 d6 3. d4 cxd4 4. Nxd4 Nf6 5. Nc3 Nc6 6. Bg5 e6 7. Qd2 a6 8.
O-O-O Bd7 9. f4 h6 10. Bh4 b5 11. Bxf6 gxf6 12. Kb1 b4 13. Nce2 Qb6 14. Nxc6
Bxc6 15. Ng3 h5 16. h4 Qc5 17. Rh3 a5 18. f5 Rc8 19. Ba6 Rc7 20. Qe2 Ke7 21.
Nf1 Bh6 22. Nh2 Bf4 23. Nf3 Qe3 24. Qxe3 Bxe3 25. Re1 Bc5 26. fxe6 fxe6 27. Rg3
Bf2 28. Rg7+ Kd8 29. Rxc7 Kxc7 30. Rf1 Bc5 31. Nd2 Rg8 32. Rxf6 Rxg2 33. Nb3
Bxe4 34. Bd3 Rg1+ 35. Rf1 Rxf1+ 36. Bxf1 Bf2 37. Be2 Bg6 38. Nxa5 Bxh4 39. Nb3
Bf2 40. Nd2 h4 41. Bg4 e5 42. Kc1 d5 43. Kd1 e4 44. Ke2 Bd4 45. b3 Kd6 46. Nf1
Ke5 47. Nh2 Kf4 48. Be6 Bh5+ 0-1

[Event "17. Obert Int. Sant Marti 2015"]
[Site "Barcelona ESP"]
[Date "2015.07.19"]
[Round "7.45"]
[White "Garcia Blanco, Omar"]
[Black "Uzumcu, Ahmet Utku"]
[Result "1-0"]
[WhiteElo "2292"]
[BlackElo "2032"]
[PlyCount "73"]
[EventDate "2015.07.13"]
[EventType "swiss"]
[EventRounds "9"]
[EventCountry "ESP"]
[SourceTitle "Ajedrez en Madrid"]
[Source "lmi"]
[SourceDate "2013.07.13"]
[SourceVersion "1"]
[SourceVersionDate "2019.06.24"]
[SourceQuality "1"]

1. e4 c5 2. c3 Nf6 3. e5 Nd5 4. Bc4 Nb6 5. Bb3 g6 6. d4 cxd4 7. cxd4 Bg7 8. Nf3
O-O 9. Bf4 d6 10. exd6 exd6 11. O-O Bg4 12. h3 Bxf3 13. Qxf3 Bxd4 14. Nc3 Nc6
15. Rad1 Qf6 16. Ne4 Qg7 17. Bxd6 Bxb2 18. Bxf8 Rxf8 19. Nd6 Nd4 20. Rxd4 Bxd4
21. Nxf7 Rxf7 22. Rd1 Bc5 23. Rd8+ Bf8 24. Qf4 g5 25. Qb8 h5 26. g3 h4 27. g4
Qa1+ 28. Kg2 Qg7 29. Kh2 Na4 30. Rd7 Qf6 31. Rxf7 Qd6+ 32. Qxd6 Bxd6+ 33. Kg2
Nc5 34. Rxb7+ Nxb3 35. axb3 Bc5 36. Rb5 Be7 37. Ra5 1-0

[Event "17. Obert Int. Sant Marti 2015"]
[Site "Barcelona ESP"]
[Date "2015.07.19"]
[Round "7.46"]
[White "Costa Trave, Jaume"]
[Black "Busquets, Luis"]
[Result "0-1"]
[WhiteElo "2022"]
[BlackElo "2189"]
[PlyCount "86"]
[EventDate "2015.07.13"]
[EventType "swiss"]
[EventRounds "9"]
[EventCountry "ESP"]
[SourceTitle "Ajedrez en Madrid"]
[Source "lmi"]
[SourceDate "2013.07.13"]
[SourceVersion "1"]
[SourceVersionDate "2019.06.24"]
[SourceQuality "1"]

1. f4 Nf6 2. Nf3 g6 3. e3 Bg7 4. d4 O-O 5. c4 d6 6. Nc3 Nbd7 7. Bd3 e5 8. O-O
Re8 9. Bc2 c6 10. Kh1 exf4 11. exf4 Nb6 12. Bb3 Be6 13. d5 cxd5 14. cxd5 Bf5
15. h3 Qd7 16. Kh2 Ne4 17. Nxe4 Rxe4 18. g4 Bxg4 19. hxg4 Qxg4 20. Rg1 Qh5+ 21.
Kg3 f5 22. Ng5 Re2 23. Qxe2 Qxe2 24. Bd1 Qd3+ 25. Bf3 Rc8 26. Rd1 Qb5 27. Be3
Na4 28. b3 Bxa1 29. bxa4 Qb2 30. Ne6 Qxa2 31. Bxa7 Qxa4 32. Bb6 Bf6 33. Re1 h6
34. Bc7 Qd7 35. Bb6 Rc3 36. Ba5 Ra3 37. Bd2 Qb5 38. Rc1 Rxf3+ 39. Kxf3 Qxd5+
40. Ke2 Qxe6+ 41. Kf2 Qd5 42. Ke2 Qe4+ 43. Kf1 Qf3+ 0-1